| 000 | 01532nam a2200397 a 4500 | ||
|---|---|---|---|
| 001 | ebr10524592 | ||
| 003 | CaPaEBR | ||
| 006 | m u | ||
| 007 | cr cn||||||||| | ||
| 008 | 110920s2011 si a sb 000 0 eng d | ||
| 010 | _z 2011284146 | ||
| 020 | _z9814350311 | ||
| 020 | _z9789814350310 | ||
| 020 | _z9789814350327 (e-book) | ||
| 040 |
_aCaPaEBR _cCaPaEBR |
||
| 035 | _a(OCoLC)777330118 | ||
| 050 | 1 | 4 |
_aTJ211.415 _b.W36 2011eb |
| 100 | 1 | _aWang, Zhan. | |
| 245 | 1 | 0 |
_aSimultaneous localization and mapping _h[electronic resource] : _bexactly sparse information filters / _cZhan Wang, Shoudong Huang, Gamini Dissanayake. |
| 260 |
_aSingapore ; _aHackensack, N.J. : _bWorld Scientific, _cc2011. |
||
| 300 |
_axii, 194 p. : _bill. |
||
| 490 | 1 |
_aNew frontiers in robotics ; _vv. 3 |
|
| 504 | _aIncludes bibliographical references (p. 180-194). | ||
| 533 |
_aElectronic reproduction. _bPalo Alto, Calif. : _cebrary, _d2013. _nAvailable via World Wide Web. _nAccess may be limited to ebrary affiliated libraries. |
||
| 650 | 0 | _aMobile robots. | |
| 650 | 0 |
_aRobots _xControl systems. |
|
| 650 | 0 | _aSparse matrices. | |
| 650 | 0 | _aRobotics. | |
| 650 | 0 | _aMappings (Mathematics) | |
| 655 | 7 |
_aElectronic books. _2local |
|
| 700 | 1 |
_aHuang, Shoudong, _d1969- |
|
| 700 | 1 | _aDissanayake, Gamini. | |
| 710 | 2 | _aebrary, Inc. | |
| 830 | 0 |
_aNew frontiers in robotics ; _vv. 3. |
|
| 856 | 4 | 0 |
_uhttp://site.ebrary.com/lib/rucke/Doc?id=10524592 _zAn electronic book accessible through the World Wide Web; click to view |
| 999 |
_c239290 _d239290 |
||